[Event "38th Olympiad"]
[Site "Dresden GER"]
[Date "2008.11.21"]
[Round "8"]
[White "Djukic,Ni"]
[Black "Al Modiahki,M"]
[Result "0-1"]
[WhiteElo "2519"]
[BlackElo "2559"]
[EventDate "2008.11.13"]

1. e4 c5 2. Nf3 g6 3. d4 cxd4 4. Nxd4 Nc6 5. Nc3 Bg7 6. Be3 Nf6 7. Bc4 O-O
8. Bb3 a5 9. O-O d6 10. f3 Nd7 11. Kh1 Nc5 12. Bc4 a4 13. a3 Bd7 14. Nd5
Rc8 15. Ba2 e6 16. Nc3 Na5 17. Rb1 Qb6 18. f4 Qa6 19. f5 Nc4 20. Bg1 Rfe8
21. Qe2 Ne5 22. Qf2 b5 23. Qh4 Qb7 24. f6 Bf8 25. Nf3 b4 26. axb4 Qxb4 27.
Nxe5 dxe5 28. Rf3 Bc6 29. Rh3 h6 30. Be3 Nxe4 31. Bxh6 Bxh6 32. Rf1 Nf2+
33. Qxf2 Qf4 34. Qe2 Qd2 35. Qxd2 Bxd2 36. Rd3 Red8 37. Rd1 Rxd3 38. cxd3
Bg5 39. Rf1 Rb8 40. Nd1 Rd8 41. Bb1 Rd4 42. Kg1 Rf4 43. g3 Rxf6 44. Bc2
Rxf1+ 45. Kxf1 Bc1 46. Ke2 f5 47. b4 a3 48. Bb3 Bd5 49. Bxd5 exd5 50. Nc3
Bb2 51. Na2 Kf7 0-1

[Event "38th Olympiad"]
[Site "Dresden GER"]
[Date "2008.11.21"]
[Round "8"]
[White "Al Sayed,Mohamad"]
[Black "Drasko,M"]
[Result "1/2-1/2"]
[WhiteElo "2477"]
[BlackElo "2537"]
[EventDate "2008.11.13"]

1. d4 e6 2. c4 Nf6 3. Nc3 Bb4 4. Qc2 O-O 5. a3 Bxc3+ 6. Qxc3 d6 7. Bg5 b6
8. Qf3 c6 9. e3 Bb7 10. Bd3 Nbd7 11. Qg3 c5 12. Nf3 Be4 13. Be2 Qc7 14. Rd1
Bc2 15. Rc1 Ne4 16. Qh4 Nxg5 17. Rxc2 Nxf3+ 18. Bxf3 Rac8 19. O-O Rfd8 20.
Rd2 cxd4 21. Rxd4 Nf6 22. Be2 e5 23. Rd2 d5 24. cxd5 Rxd5 25. Rxd5 Nxd5 26.
Qa4 g6 27. g3 Nf6 28. Ba6 Rd8 29. Rd1 Rxd1+ 30. Qxd1 Qc5 31. Bf1 1/2-1/2

[Event "38th Olympiad"]
[Site "Dresden GER"]
[Date "2008.11.21"]
[Round "8"]
[White "Blagojevic,Dr"]
[Black "Nezad,H"]
[Result "1-0"]
[WhiteElo "2522"]
[BlackElo "2401"]
[EventDate "2008.11.13"]

1. d4 d5 2. c4 c6 3. cxd5 cxd5 4. Bf4 Nc6 5. Nc3 Nf6 6. e3 Bf5 7. Nf3 a6 8.
Ne5 Bd7 9. Be2 e6 10. O-O Be7 11. Nxd7 Nxd7 12. e4 dxe4 13. d5 exd5 14.
Nxd5 O-O 15. Bc7 Qe8 16. Nxe7+ Nxe7 17. Qb3 b5 18. Bd6 Nf6 19. Qa3 Ra7 20.
Bxb5 Qxb5 21. Bxe7 Re8 22. Bxf6 gxf6 23. Rad1 Kg7 24. Rd6 Rb7 25. b3 a5 26.
Rfd1 Rc7 27. R6d5 Qe2 28. R5d2 Qh5 29. h3 Rce7 30. Rd5 Re5 31. Qd6 Rc8 32.
R5d2 Rce8 33. Re1 f5 34. Qd4 Qg5 35. Rde2 Kg8 36. Re3 Kf8 37. Qd6+ Qe7 38.
Qh6+ 1-0

[Event "38th Olympiad"]
[Site "Dresden GER"]
[Date "2008.11.21"]
[Round "8"]
[White "Al Hitmi,M"]
[Black "Kalezic,B"]
[Result "0-1"]
[WhiteElo "2161"]
[BlackElo "2448"]
[EventDate "2008.11.13"]

1. d4 c5 2. d5 e5 3. c4 d6 4. e4 Be7 5. Nc3 Bg5 6. Bd3 Bxc1 7. Qxc1 Ne7 8.
Nge2 O-O 9. Ng3 Ng6 10. O-O Nd7 11. Nf5 Nf6 12. g3 a6 13. Qd2 Rb8 14. Qe2
Re8 15. Rae1 Qc7 16. h4 h6 17. h5 Bxf5 18. exf5 Nf8 19. Kg2 N8h7 20. Rh1
Re7 21. f3 Qa5 22. a4 Rbe8 23. Be4 Nf8 24. Qc2 N8d7 25. b3 Rb8 26. Ra1 Ne8
27. Bd3 Ndf6 28. g4 Nh7 29. Rhe1 Qd8 30. Qe2 b6 31. Rh1 Reb7 32. Ra2 Kf8
33. Kg3 Nc7 34. Ne4 Nf6 35. Qe3 b5 36. axb5 axb5 37. Nxf6 Qxf6 38. g5 hxg5
39. h6 bxc4 40. hxg7+ Kxg7 41. Rah2 cxd3 42. Rh7+ Kf8 43. Qe4 Rb4 44. R1h6
Qxh6 0-1

[Event "38th Olympiad"]
[Site "Dresden GER"]
[Date "2008.11.21"]
[Round "8"]
[White "Bologan,V"]
[Black "Kakageldyev,A"]
[Result "1-0"]
[WhiteElo "2682"]
[BlackElo "2449"]
[EventDate "2008.11.13"]

1. e4 e5 2. Nf3 Nc6 3. Bc4 Nf6 4. d3 Be7 5. O-O O-O 6. Re1 d6 7. a4 Be6 8.
Nbd2 Qd7 9. c3 a6 10. b4 d5 11. exd5 Nxd5 12. Ne4 f6 13. Bb3 Rfe8 14. Bd2
b6 15. Ng3 Bf8 16. Bc2 Rad8 17. Qb1 g6 18. h4 Bg4 19. Nh2 Be6 20. Ne4 Qf7
21. b5 axb5 22. axb5 Nb8 23. g3 h6 24. c4 Ne7 25. Ra7 f5 26. Nc3 Nc8 27.
Ra8 Nd7 28. Nf3 Bg7 29. Qc1 Qf8 30. Nd5 Bxd5 31. cxd5 Nd6 32. Rxd8 Rxd8 33.
Bb4 Qf6 34. Bb3 Rc8 35. Qc6 Nb8 36. Qc2 Nd7 37. Bc3 Re8 38. d4 exd4 39.
Rxe8+ Nxe8 40. d6+ Kh7 41. dxc7 Nxc7 42. Bxd4 Qd8 43. h5 Bxd4 44. Nxd4 gxh5
45. Qxf5+ Kh8 46. Nc6 Qe8 47. Bc2 Kg7 48. Qh7+ 1-0

[Event "38th Olympiad"]
[Site "Dresden GER"]
[Date "2008.11.21"]
[Round "8"]
[White "Esenov,An"]
[Black "Iordachescu,V"]
[Result "1/2-1/2"]
[WhiteElo "2319"]
[BlackElo "2572"]
[EventDate "2008.11.13"]

1. e4 c5 2. Nf3 e6 3. d4 cxd4 4. Nxd4 a6 5. c4 Nf6 6. Nc3 Bb4 7. Bd3 Nc6 8.
a3 Bxc3+ 9. bxc3 d6 10. O-O Bd7 11. f4 e5 12. Nc2 Bg4 13. Qe1 exf4 14. Bxf4
Ne5 15. Bxe5 dxe5 16. Nb4 O-O 17. Qg3 Bh5 18. Qxe5 Re8 19. Qf4 Nd7 20. Nd5
Ne5 21. Qg3 Bg6 22. Rfe1 Rc8 23. Rab1 Qa5 24. Rxb7 Qxa3 25. Kh1 Nxd3 26.
Qxd3 h6 27. h3 Qc5 28. Qd4 Kh7 29. Ne7 Red8 30. Qxc5 Rxc5 31. Nxg6 Kxg6 32.
Rb6+ Kh7 33. Rxa6 Rxc4 34. Re3 Rd7 35. Ra1 h5 36. Kh2 Rdc7 37. Rc1 h4 38.
g3 hxg3+ 39. Kxg3 Kg6 40. Kf3 Kf6 41. Ke2 Ra4 42. Rb1 Ra2+ 43. Kd3 Rd7+ 44.
Kc4 Ke5 45. Rb5+ Kf4 46. Re1 Ra4+ 47. Rb4 Ra3 48. e5 Kf5 49. Rb5 Ke6 50.
Kb4 Ra2 51. Kb3 Rad2 52. Rb4 R2d3 53. h4 Rc7 54. Rc4 Rxc4 55. Kxc4 Rh3 56.
Re4 Kf5 57. Re1 Ke6 58. Re4 Kf5 59. Re1 Ke6 60. Kb4 Rxh4+ 61. c4 g5 62. Kb5
Rh2 63. Rg1 Rb2+ 64. Kc6 Kxe5 65. Rxg5+ f5 66. c5 Rc2 67. Kb6 Ke4 68. c6
Rb2+ 69. Kc5 f4 70. c7 Rc2+ 71. Kd6 Rxc7 72. Kxc7 f3 73. Rg8 f2 74. Rf8 Ke3
75. Kd6 Ke2 76. Kd5 f1=Q 77. Rxf1 Kxf1 78. Ke4 1/2-1/2

[Event "38th Olympiad"]
[Site "Dresden GER"]
[Date "2008.11.21"]
[Round "8"]
[White "Amanov,M"]
[Black "Sanduleac,V"]
[Result "1-0"]
[WhiteElo "2357"]
[BlackElo "2443"]
[EventDate "2008.11.13"]

1. d4 d5 2. c4 c6 3. Nf3 Nf6 4. cxd5 cxd5 5. Nc3 Nc6 6. Bf4 a6 7. e3 Bg4 8.
Bd3 e6 9. O-O Be7 10. Rc1 O-O 11. Na4 Ne4 12. a3 Bd6 13. Bxd6 Nxd6 14. b4
Rc8 15. Nc5 Qe7 16. h3 Bxf3 17. Qxf3 a5 18. b5 Nb8 19. Qe2 Nd7 20. Qb2 Nb6
21. Qb1 g6 22. Rc3 Nbc4 23. Rfc1 f5 24. Bxc4 Nxc4 25. Qa2 Rfe8 26. Nd3 Qd7
27. a4 Kg7 28. Qc2 Nd6 29. Ne5 Qe7 30. b6 Rxc3 31. Qxc3 Rc8 32. Qa3 Qd8 33.
Rxc8 Nxc8 34. Qc5 Nxb6 35. Qxa5 Qd6 36. Qa7 Qc7 37. Nd3 Nd7 38. Nc5 Nxc5
39. dxc5 Kh6 40. a5 f4 41. Qb6 Qe5 42. c6 Qa1+ 43. Kh2 bxc6 44. exf4 d4 45.
Qd8 d3 46. g4 Kg7 47. Qe7+ Kg8 48. Qxe6+ Kf8 49. Qd6+ Kg8 50. Qd8+ Kg7 51.
Qxd3 Qa4 52. Qd7+ Kg8 53. Qd8+ Kg7 54. Qc7+ Kg8 55. f5 Qd4 56. Qg3 gxf5 57.
gxf5+ Kf7 58. Qe3 Qd6+ 59. f4 Qb4 60. a6 c5 61. a7 Qa4 62. Qe6+ Kg7 63. f6+
Kg6 64. f7+ Kg7 65. Qf6+ 1-0

[Event "38th Olympiad"]
[Site "Dresden GER"]
[Date "2008.11.21"]
[Round "8"]
[White "Megaranto,S"]
[Black "Gundavaa,B"]
[Result "1-0"]
[WhiteElo "2536"]
[BlackElo "2458"]
[EventDate "2008.11.13"]

1. d4 d5 2. Nc3 Nf6 3. Nf3 c5 4. e3 Nc6 5. dxc5 e6 6. a3 Bxc5 7. b4 Be7 8.
Bb2 O-O 9. Be2 a6 10. O-O b5 11. Nb1 Ne4 12. Nbd2 Nd6 13. Ne5 Bb7 14. Nb3
Nc4 15. Bxc4 bxc4 16. Nxc6 Bxc6 17. Na5 Rc8 18. Qg4 Bf6 19. Bd4 e5 20. Bc5
Bd7 21. Qd1 Rxc5 22. Nb7 Qc8 23. Nxc5 Bc6 24. e4 d4 25. Qe2 a5 26. Qxc4
Bxe4 27. f3 Bg6 28. Rfe1 h5 29. Ra2 h4 30. h3 Qc7 31. Qd5 Rd8 32. Qb7 Qd6
33. Ne4 Qe6 34. Rb2 axb4 35. axb4 Be7 36. Nc5 Qf6 37. Ra2 Qg5 38. Raa1 Bxc2
39. f4 Qf6 40. fxe5 Qg5 41. e6 f5 42. Ra8 Rxa8 43. Qxa8+ Kh7 44. Qf3 g6 45.
Rf1 Bd6 46. Ra1 Kh6 47. Re1 Be7 48. Qf2 d3 49. Qd4 Bf6 50. Qxf6 Qxf6 51. e7
d2 52. e8=Q dxe1=Q+ 53. Qxe1 Kh7 54. Kh1 f4 55. Nd7 Qg5 56. Ne5 Qe7 57. Nf3
Qxe1+ 58. Nxe1 Ba4 59. Nf3 Kh6 60. Nxh4 g5 61. Nf3 Kh5 62. Ne5 Bb5 63. Kg1
Kh4 64. Kf2 Kh5 65. Nf3 g4 66. hxg4+ Kxg4 67. Nd4 Bc4 68. b5 Bd5 69. b6 Kg5
70. Ne6+ Kf5 71. Nc5 1-0

[Event "38th Olympiad"]
[Site "Dresden GER"]
[Date "2008.11.21"]
[Round "8"]
[White "Hatanbaatar,B"]
[Black "Irwanto,S"]
[Result "0-1"]
[WhiteElo "2375"]
[BlackElo "2441"]
[EventDate "2008.11.13"]

1. e4 e5 2. Nf3 Nc6 3. Nc3 Nf6 4. d4 exd4 5. Nxd4 Bb4 6. Nxc6 bxc6 7. Bd3
d5 8. exd5 cxd5 9. O-O O-O 10. Bg5 c6 11. Qf3 Bd6 12. h3 Rb8 13. Na4 Rb4
14. b3 h6 15. Bxf6 Qxf6 16. Qxf6 gxf6 17. c3 Rb8 18. Rfe1 Bd7 19. c4 Rfe8
20. Rad1 Re5 21. Bf1 Be6 22. cxd5 cxd5 23. Re3 Rxe3 24. fxe3 Be5 25. Bd3
Rc8 26. Kf2 f5 27. Ke2 f4 28. e4 dxe4 29. Bxe4 Rc7 30. Kf3 Kg7 31. Re1 Kf6
32. Rd1 Rc8 33. Ke2 Ke7 34. Kf2 f5 35. Bb1 Kf6 36. Kf1 Bf7 37. Bd3 Bh5 38.
Be2 Be8 39. Rd2 Rc1+ 40. Kf2 Bc6 41. Bf3 Be4 42. b4 Rc4 43. Nc5 Rxb4 44.
Nd7+ Ke6 45. Nc5+ Ke7 46. Ke2 Bd6 47. Nb3 Rc4 48. Kd1 Bb4 49. Rb2 Kf6 50.
a3 Bc3 51. Re2 Ke5 52. Ra2 a5 53. a4 Rb4 54. Bxe4 fxe4 55. Kc2 Rc4 56. Kd1
Bb4 57. Re2 Kf5 58. Rf2 Rc3 59. Nc1 Re3 60. Ne2 Rd3+ 61. Kc2 Rd2+ 62. Kc1
Ke5 0-1

[Event "38th Olympiad"]
[Site "Dresden GER"]
[Date "2008.11.21"]
[Round "8"]
[White "Battulga,N"]
[Black "Farid,F"]
[Result "0-1"]
[WhiteElo "2317"]
[BlackElo "2154"]
[EventDate "2008.11.13"]

1. e4 c5 2. Nf3 d6 3. d4 cxd4 4. Nxd4 Nf6 5. Nc3 a6 6. h3 e6 7. g4 Nc6 8.
Bg2 Qb6 9. Nde2 Be7 10. O-O Qc7 11. a4 b6 12. f4 h6 13. Be3 Rb8 14. Qe1 Nb4
15. Rc1 d5 16. e5 Nd7 17. Qf2 Rh7 18. Nd4 g5 19. Kh1 gxf4 20. Bxf4 Bb7 21.
Qg3 Nf8 22. Nf5 Ng6 23. Nd6+ Kd7 24. Nxb7 Qxb7 25. Rcd1 Ke8 26. Qf2 Nh4 27.
Rd2 Nxg2 28. Qxg2 Rc8 29. Nd1 Qd7 30. c3 Nc6 31. Rd3 Bg5 32. Bg3 h5 33.
gxh5 Ne7 34. Bh2 Bh6 35. Nf2 Qxa4 36. Ng4 Ng8 37. Rd4 Rc4 38. Ne3 Rg7 39.
Rxc4 dxc4 40. Qa8+ Ke7 41. Rd1 Qe8 42. Qb7+ Kf8 43. Ng4 f5 44. Qf3 Rd7 45.
Nxh6 Nxh6 46. Bf4 Rxd1+ 47. Qxd1 Qc6+ 48. Kh2 Nf7 49. Qe2 Qd5 50. Qg2 Qd8
51. Qf2 a5 52. Kg3 Ng5 53. Kh2 Ne4 54. Qg2 Qh4 55. Bh6+ Ke8 56. Be3 Qxh5
57. Bxb6 Ng5 58. Bxa5 Kf7 59. Bc7 Nf3+ 60. Kg3 Ne1 61. Qc6 Qg5+ 62. Kf2
Qd2+ 63. Kf1 Qd1 64. Bd6 Nf3+ 65. Kf2 Qe1+ 66. Kg2 Qg1+ 67. Kxf3 Qh1+ 0-1

[Event "38th Olympiad"]
[Site "Dresden GER"]
[Date "2008.11.21"]
[Round "8"]
[White "Stefansson,H"]
[Black "Salem,AR"]
[Result "0-1"]
[WhiteElo "2575"]
[BlackElo "2476"]
[EventDate "2008.11.13"]

1. d4 Nf6 2. c4 g6 3. Nf3 Bg7 4. g3 O-O 5. Bg2 d5 6. cxd5 Nxd5 7. O-O Nb6
8. Nc3 Nc6 9. e3 e5 10. d5 Na5 11. e4 c6 12. Bg5 f6 13. Be3 cxd5 14. Bxb6
Qxb6 15. Nxd5 Qd8 16. Rc1 Nc6 17. Qb3 Rf7 18. Rfd1 Be6 19. h4 Kh8 20. Kh2
Rd7 21. Qa4 Bh6 22. Ra1 Qf8 23. Nc3 Rf7 24. Bh3 f5 25. Ng5 Bxg5 26. hxg5 f4
27. Bxe6 fxg3+ 28. Kg1 Rxf2 29. Rd3 Rh2 0-1

[Event "38th Olympiad"]
[Site "Dresden GER"]
[Date "2008.11.21"]
[Round "8"]
[White "Ali,Ab"]
[Black "Danielsen,Hen"]
[Result "0-1"]
[WhiteElo "2130"]
[BlackElo "2492"]
[EventDate "2008.11.13"]

1. d4 d6 2. Nf3 Bg4 3. e4 Nf6 4. Nc3 e6 5. Be2 Be7 6. O-O O-O 7. Be3 d5 8.
h3 Bh5 9. exd5 Bxf3 10. Bxf3 exd5 11. Qd3 c6 12. Bf4 Nbd7 13. Nd1 Re8 14.
Ne3 g6 15. Qb3 Qb6 16. Qxb6 axb6 17. a3 b5 18. Rfe1 Nb6 19. Rab1 Bf8 20.
Bc7 Na4 21. Kf1 h5 22. Bf4 Bg7 23. c3 Ne4 24. Bxe4 Rxe4 25. Bg3 Rae8 26.
Nc2 f6 27. f3 R4e7 28. Nb4 Bf8 29. Nd3 Kf7 30. Bf4 g5 31. Bg3 h4 32. Rxe7+
Rxe7 33. Bf2 Re6 34. Nc5 Re7 35. Nxa4 bxa4 36. Re1 Rd7 37. Ke2 Bd6 38. Kd3
Bf4 39. Re2 Re7 40. Rxe7+ Kxe7 41. Be1 Ke6 42. Bf2 Kf5 43. Be1 Bc1 44. Kc2
Be3 45. Kd3 Kf4 46. Kc2 b6 47. Kd1 c5 48. dxc5 bxc5 49. Kc2 c4 50. Kd1 d4
51. cxd4 Bxd4 52. Kc2 Ke3 53. Bc3 Be5 54. Bxe5 fxe5 55. Kc3 Kf2 56. Kxc4
Kxg2 57. b4 axb3 58. Kxb3 g4 59. fxg4 e4 60. Kc2 e3 0-1

[Event "38th Olympiad"]
[Site "Dresden GER"]
[Date "2008.11.21"]
[Round "8"]
[White "Kristjansson,St"]
[Black "Hassan,Ab"]
[Result "1/2-1/2"]
[WhiteElo "2474"]
[BlackElo "2287"]
[EventDate "2008.11.13"]

1. e4 e6 2. d4 d5 3. Nc3 Nf6 4. Bg5 dxe4 5. Nxe4 Be7 6. Bxf6 Bxf6 7. Nf3
Nd7 8. Qd2 O-O 9. O-O-O b6 10. Qf4 Bb7 11. Bd3 Be7 12. h4 Nf6 13. Nxf6+
Bxf6 14. Kb1 Qd6 15. Qg4 h6 16. Ng5 Be7 17. c3 c5 18. Bh7+ Kh8 19. Bc2 Kg8
20. Bh7+ Kh8 21. Bc2 Kg8 22. dxc5 Qxc5 23. Nxe6 fxe6 24. Qxe6+ Rf7 25. Rd7
Qc6 26. Rxe7 Qxe6 27. Rxe6 Bxg2 28. Rhe1 Rxf2 29. Bg6 Bd5 30. Re8+ Rxe8 31.
Rxe8+ Rf8 32. Bh7+ Kf7 33. Bg6+ Kg8 34. Re7 Rf6 35. Re8+ Rf8 36. Re5 Bf7
37. Be4 Re8 38. Rxe8+ Bxe8 39. Kc2 Kf7 40. Kd3 Ke6 41. Kd4 Kd6 42. c4 g5
43. hxg5 hxg5 44. b4 g4 45. Ke3 Bf7 46. Kd4 g3 47. a3 Be8 48. c5+ bxc5+ 49.
bxc5+ Kc7 50. Bg2 Bc6 51. Bh3 Kb7 52. Ke3 Ka6 53. Kf4 Kb5 54. Kxg3 Kxc5 55.
Kf2 Kb5 56. Ke3 Ka4 57. Kd2 Kxa3 58. Kc3 1/2-1/2

[Event "38th Olympiad"]
[Site "Dresden GER"]
[Date "2008.11.21"]
[Round "8"]
[White "AlHuwar,J"]
[Black "Thorhallsson,T"]
[Result "1-0"]
[WhiteElo "2230"]
[BlackElo "2455"]
[EventDate "2008.11.13"]

1. Nf3 Nf6 2. g3 d5 3. Bg2 c6 4. O-O Bg4 5. c4 e6 6. d3 Nbd7 7. cxd5 exd5
8. h3 Bxf3 9. Bxf3 Bc5 10. Nc3 O-O 11. Qc2 Re8 12. Rb1 Qe7 13. a3 a5 14. b4
axb4 15. axb4 Bxb4 16. Na2 Bd6 17. Rxb7 Qe6 18. Kh2 h5 19. d4 h4 20. Nb4 c5
21. Nxd5 Nxd5 22. Bg4 Qf6 23. Rxd7 cxd4 24. Qf5 Qxf5 25. Bxf5 Ra6 26. Bd3
Rc6 27. Kg2 Nc3 28. Bd2 Ne4 29. Rc1 Rxc1 30. Bxc1 Bc5 31. gxh4 Nf6 32. Rc7
Bd6 33. Rc4 Be5 34. f4 Bb8 35. Rxd4 Ba7 36. Ra4 Bc5 37. Kf3 g6 38. Rc4 Nd7
39. Bc2 Ra8 40. h5 Ra1 41. Bd3 gxh5 42. Bf5 Ba3 43. Rc8+ Nf8 44. Be3 Rf1+
45. Kg2 Re1 46. Bd3 Bd6 47. Ra8 Kg7 48. Ra6 Bb4 49. Bd4+ Kg8 50. f5 Bd2 51.
Ra7 Rc1 52. e3 Rc8 53. Be2 Bc3 54. Bxh5 Bxd4 55. Bxf7+ Kg7 56. exd4 Kf6 57.
Bh5 Kg5 58. Bg4 Rd8 59. Ra4 Nd7 60. Kg3 Nf6 61. h4+ Kh6 62. Bf3 Rd6 63. Kf4
Nd7 64. Rc4 Kg7 65. Kg5 Kf7 66. Rc7 Kf8 67. Rc4 Kg7 68. h5 Nf8 69. Rc7+ Kg8
70. d5 Nd7 71. Rc6 Nf8 72. h6 1-0

[Event "38th Olympiad"]
[Site "Dresden GER"]
[Date "2008.11.21"]
[Round "8"]
[White "Adly,A"]
[Black "Ramirez,Alej"]
[Result "1/2-1/2"]
[WhiteElo "2586"]
[BlackElo "2533"]
[EventDate "2008.11.13"]

1. c4 c5 2. Nc3 Nc6 3. g3 g6 4. Bg2 Bg7 5. Nf3 d6 6. O-O e5 7. e3 Nge7 8.
d4 O-O 9. d5 Na5 10. Nd2 f5 11. a3 e4 12. Qc2 Bd7 13. Rb1 a6 14. b3 b5 15.
Bb2 g5 16. Ndxe4 fxe4 17. Nxe4 Bf5 18. Bxg7 Kxg7 19. Qc3+ Kg8 20. Nxg5 Ng6
21. e4 Bg4 22. f4 Ra7 23. h3 h6 24. Nf3 Bxf3 25. Bxf3 Rg7 26. Bg2 h5 27. h4
1/2-1/2

[Event "38th Olympiad"]
[Site "Dresden GER"]
[Date "2008.11.21"]
[Round "8"]
[White "Gonzalez,Be CRC"]
[Black "Amin,B"]
[Result "0-1"]
[WhiteElo "2432"]
[BlackElo "2560"]
[EventDate "2008.11.13"]

1. e4 e5 2. Nf3 Nc6 3. d4 exd4 4. Nxd4 Nf6 5. Nxc6 bxc6 6. e5 Qe7 7. Qe2
Nd5 8. c4 Ba6 9. b3 g6 10. g3 Bg7 11. Bb2 O-O 12. Bg2 Rae8 13. O-O Nb6 14.
Re1 f6 15. Qe3 c5 16. exf6 Qxe3 17. Rxe3 Rxe3 18. fxe3 Rxf6 19. Nd2 Re6 20.
Bxg7 Kxg7 21. Re1 d6 22. Ne4 Re7 23. Nc3 Bc8 24. Bc6 Bh3 25. Bg2 Bd7 26.
Bf3 a5 27. a4 Bf5 28. Kg2 g5 29. h3 h6 30. Re2 Bd3 31. Rd2 Bf1+ 32. Kf2
Bxh3 33. g4 h5 34. gxh5 Kh6 35. Be4 Kxh5 36. Kf3 Kh4 37. Rh2 Nd7 38. Ke2
Nf6 39. Bf5 g4 40. Rf2 Nh5 41. Nd5 Re5 42. Bd7 g3 43. Rf7 Bxd7 44. Rxd7 c6
45. Ne7 Kh3 46. Ng6 g2 0-1

[Event "38th Olympiad"]
[Site "Dresden GER"]
[Date "2008.11.21"]
[Round "8"]
[White "Frhat,A"]
[Black "Hernandez Basante,F"]
[Result "1/2-1/2"]
[WhiteElo "2418"]
[BlackElo "2247"]
[EventDate "2008.11.13"]

1. d4 g6 2. e4 Bg7 3. Nc3 c5 4. Nf3 cxd4 5. Nxd4 Nc6 6. Nb3 Nf6 7. Be2 O-O
8. O-O d6 9. Bg5 a6 10. a4 Be6 11. Kh1 Na5 12. Nxa5 Qxa5 13. Qd2 Rfc8 14.
Bd3 Rc7 15. f4 Re8 16. f5 Bc4 17. Qe2 Qb4 18. Bd2 Qc5 19. Rac1 Qc6 20. a5
e6 21. fxg6 hxg6 22. b3 Bxd3 23. cxd3 Qd7 24. Na4 Rxc1 25. Rxc1 Rc8 26. Rf1
Qb5 27. Qf3 Rc7 28. Nb6 Qxb3 29. Bg5 Qc3 30. h3 Qxa5 31. Bxf6 Qxb6 32. Bxg7
Kxg7 33. Qf6+ Kg8 34. Qd8+ Kg7 35. d4 f5 36. exf5 exf5 37. Re1 Qc6 38. Re7+
Rxe7 39. Qxe7+ Kg8 40. Qe6+ Kg7 41. Qe7+ Kg8 1/2-1/2

[Event "38th Olympiad"]
[Site "Dresden GER"]
[Date "2008.11.21"]
[Round "8"]
[White "Vargas Serano,P"]
[Black "Abdel Razik,K"]
[Result "0-1"]
[WhiteElo "1829"]
[BlackElo "2406"]
[EventDate "2008.11.13"]

1. d4 Nf6 2. c4 c5 3. d5 b5 4. Nf3 e6 5. dxe6 fxe6 6. Nbd2 Qa5 7. cxb5 d5
8. e3 Nbd7 9. Be2 e5 10. O-O e4 11. Nh4 Qc7 12. f4 exf3 13. Ndxf3 Bd6 14.
Nf5 O-O 15. Bd3 Ne5 16. Nxd6 Qxd6 17. Nxe5 Qxe5 18. Qc2 Be6 19. Qc3 Qd6 20.
Bd2 Ng4 21. g3 Ne5 22. Rf4 Rxf4 23. gxf4 Nf3+ 24. Kg2 d4 25. Qc2 dxe3 26.
Bxe3 Nd4 27. Bxd4 Qxd4 28. Bxh7+ Kh8 29. Be4 Re8 30. Qe2 Bf7 31. Re1 Rxe4
32. Qf2 Qxf2+ 33. Kxf2 Rxe1 34. Kxe1 Bxa2 0-1

[Event "38th Olympiad"]
[Site "Dresden GER"]
[Date "2008.11.21"]
[Round "8"]
[White "Nielsen,PH"]
[Black "Juarez Flores,C"]
[Result "1-0"]
[WhiteElo "2662"]
[BlackElo "2358"]
[EventDate "2008.11.13"]

1. d4 d5 2. c4 c6 3. Nf3 dxc4 4. e3 Be6 5. a4 Nf6 6. Nc3 Bd5 7. Nd2 g6 8.
e4 Be6 9. Nxc4 Bg7 10. Be2 O-O 11. O-O Na6 12. Bf4 Nh5 13. Be3 Nf6 14. h3
Nb4 15. a5 Qc7 16. Qb3 Na6 17. Rfd1 Rfd8 18. Rac1 Bxc4 19. Bxc4 e6 20. e5
Nd5 21. Nxd5 exd5 22. Bxa6 bxa6 23. Qa4 Rdc8 24. Rc3 Rab8 25. Rdc1 Rb5 26.
Qc2 c5 27. Rxc5 Rxc5 28. Qxc5 Qxc5 29. Rxc5 Rxc5 30. dxc5 Bxe5 31. c6 Kf8
32. Bxa7 Ke7 33. b4 Kd8 34. Bb6+ Kc8 35. b5 axb5 36. a6 Kb8 37. Kf1 b4 38.
Ke2 b3 39. Kd3 f5 40. a7+ Ka8 41. c7 1-0

[Event "38th Olympiad"]
[Site "Dresden GER"]
[Date "2008.11.21"]
[Round "8"]
[White "Lorenzana,W"]
[Black "Schandorff,L"]
[Result "0-1"]
[WhiteElo "2202"]
[BlackElo "2520"]
[EventDate "2008.11.13"]

1. e4 e5 2. Nf3 Nc6 3. Bc4 Bc5 4. c3 Nf6 5. d4 exd4 6. cxd4 Bb4+ 7. Nc3
Nxe4 8. O-O Bxc3 9. d5 Ne5 10. Qe2 O-O 11. bxc3 Nxc4 12. Qxe4 Nd6 13. Qd3
Qf6 14. Re1 b6 15. Bg5 Qf5 16. Qxf5 Nxf5 17. g4 f6 18. Bf4 Nd6 19. Bxd6
cxd6 20. Re7 Bb7 21. Rxd7 Bxd5 22. Nd4 Rfd8 23. Rc7 Rdc8 24. Rd7 Rd8 25.
Rc7 Rdc8 26. Rd7 Rxc3 27. Rxd6 Bf7 28. Rd7 Rd3 29. f3 Rd2 30. a3 Rc8 31.
Re1 Re8 32. Rc1 h5 33. h3 hxg4 34. hxg4 Be6 35. Rd6 Bf7 36. Rd7 Re3 37. Kf1
b5 38. Rc8+ Re8 39. Rxe8+ Bxe8 40. Rd8 Kf7 41. f4 g6 42. g5 fxg5 43. fxg5
Rd3 44. Rd5 a6 45. Ke2 Rxa3 46. Re5 Bd7 47. Kd2 Ra4 48. Ke3 Rc4 49. Kd3 Rc8
50. Rd5 Ke7 51. Kd2 Rc4 52. Kd3 Rc7 53. Kd2 Rc8 54. Kd3 Rb8 55. Kc3 a5 56.
Kb2 Rb6 57. Nc2 Rd6 58. Rc5 Rd2 59. Kc3 Kd6 0-1

[Event "38th Olympiad"]
[Site "Dresden GER"]
[Date "2008.11.21"]
[Round "8"]
[White "Rasmussen,A"]
[Black "Quinones,Ces"]
[Result "1/2-1/2"]
[WhiteElo "2513"]
[BlackElo "2312"]
[EventDate "2008.11.13"]

1. e4 e5 2. Nf3 Nf6 3. Nxe5 d6 4. Nf3 Nxe4 5. d3 Nf6 6. d4 Be7 7. Bd3 O-O
8. O-O Bg4 9. Re1 c6 10. Nbd2 Na6 11. h3 Bh5 12. Bxa6 bxa6 13. Qe2 Re8 14.
Qxa6 Qd7 15. b3 Nd5 16. Ba3 Nf4 17. Qf1 h6 18. c4 a5 19. Re3 a4 20. b4 Reb8
21. Rae1 Bf8 22. Ne4 Qa7 23. g4 Bg6 24. Nc3 Qd7 25. Nh4 Bh7 26. Ng2 Ne6 27.
Rd1 d5 28. c5 Be7 29. b5 cxb5 30. c6 Qxc6 31. Bxe7 b4 32. Nb1 a3 33. Rb3
Qd7 34. Bxb4 Bc2 35. Rxa3 Rxa3 36. Bxa3 Qa4 37. Bd6 Rd8 38. Be7 Rd7 39. Rc1
Rxe7 40. Nc3 Qa5 41. Rxc2 Nxd4 42. Qd3 Nxc2 1/2-1/2

[Event "38th Olympiad"]
[Site "Dresden GER"]
[Date "2008.11.21"]
[Round "8"]
[White "Ghaem Maghami,E"]
[Black "Roselli Mailhe,B"]
[Result "1-0"]
[WhiteElo "2599"]
[BlackElo "2368"]
[EventDate "2008.11.13"]

1. c4 g6 2. d4 Nf6 3. g3 Bg7 4. Bg2 O-O 5. Nc3 d6 6. e3 c5 7. Nge2 Nc6 8.
O-O Bf5 9. h3 Qc8 10. g4 Bd7 11. d5 Na5 12. Qd3 a6 13. Rb1 b5 14. b3 Rb8
15. Bd2 Qc7 16. g5 Ne8 17. Ne4 h6 18. h4 hxg5 19. hxg5 Kh7 20. f4 Rh8 21.
N2g3 Kg8 22. Rbc1 Rh7 23. Rf2 bxc4 24. bxc4 e6 25. Nc3 Qd8 26. Rcf1 e5 27.
Nce2 Rb2 28. Bc3 Rxa2 29. fxe5 Bxe5 30. Bxe5 dxe5 31. Qxg6+ Rg7 32. Rxf7
Rxg6 33. Rf8+ Kh7 34. R1f7+ Ng7 35. Rxd8 Bg4 36. d6 1-0

[Event "38th Olympiad"]
[Site "Dresden GER"]
[Date "2008.11.21"]
[Round "8"]
[White "Carvalho,Gu"]
[Black "Moradiabadi,E"]
[Result "0-1"]
[WhiteElo "2249"]
[BlackElo "2499"]
[EventDate "2008.11.13"]

1. c4 e5 2. Nc3 Nc6 3. Nf3 d6 4. d4 Bg4 5. d5 Nce7 6. h3 Bd7 7. c5 Ng6 8.
cxd6 Bxd6 9. e4 Nf6 10. Qb3 Qc8 11. Bb5 c6 12. dxc6 bxc6 13. Bc4 O-O 14.
Ng5 Qe8 15. Be3 Rb8 16. Qc2 Nh4 17. O-O-O Bb4 18. g3 Ng6 19. h4 h6 20. h5
Ne7 21. f4 Ng4 22. Bxa7 Rb7 23. Nxf7 Rxf7 24. Bg1 Kh8 25. Bxf7 Qxf7 26. Qa4
Qe8 27. Rh4 Bxc3 28. bxc3 Ng8 29. Bc5 N8f6 30. f5 Qb8 31. Qc2 Rb5 32. Bg1
Be8 33. c4 Ra5 34. Qb3 Qa8 35. Bb6 Ra3 36. Rd8 Rxb3 37. Rxa8 Rxb6 38. a4
Kh7 39. Rxg4 Nxg4 40. Rxe8 Ra6 41. Re6 Rxa4 42. Rxc6 Nf6 43. Kb2 Nxe4 44.
Kb3 Ra7 45. c5 Nxg3 46. f6 Nxh5 0-1

[Event "38th Olympiad"]
[Site "Dresden GER"]
[Date "2008.11.21"]
[Round "8"]
[White "Bagheri,A"]
[Black "Lopez Falcon,J"]
[Result "1-0"]
[WhiteElo "2490"]
[BlackElo "2206"]
[EventDate "2008.11.13"]

1. d4 d6 2. c4 g6 3. Nc3 Bg7 4. e4 Nf6 5. Bg5 O-O 6. Qd2 c5 7. d5 e6 8. Be2
exd5 9. exd5 Re8 10. Nf3 Qe7 11. O-O Qf8 12. h3 Na6 13. Bd3 Nc7 14. a4 Bd7
15. Qf4 Nh5 16. Qh2 h6 17. Be3 Rec8 18. g4 Nf6 19. Bf4 Nce8 20. Nd2 Rd8 21.
Rae1 g5 22. Be3 Bc8 23. f4 gxf4 24. Bxf4 Nd7 25. Nf3 f6 26. Bg6 Ne5 27.
Nxe5 fxe5 28. Bxh6 Qe7 29. Bxg7 Nxg7 30. Ne4 Qh4 31. Re3 Qh6 32. Bf7+ Kh8
33. Qd2 1-0

[Event "38th Olympiad"]
[Site "Dresden GER"]
[Date "2008.11.21"]
[Round "8"]
[White "Rodriguez,Sa"]
[Black "Ghane,S"]
[Result "0-1"]
[WhiteElo "2262"]
[BlackElo "2408"]
[EventDate "2008.11.13"]

1. e4 e6 2. d3 d5 3. Nd2 c5 4. Ngf3 Nc6 5. g3 g6 6. Bg2 Bg7 7. O-O Nge7 8.
Re1 O-O 9. e5 Qc7 10. Qe2 Nf5 11. c3 g5 12. h3 h6 13. Nf1 b6 14. N1h2 Ba6
15. Ng4 Rfd8 16. Nf6+ Kf8 17. g4 Nfe7 18. Nh7+ Ke8 19. Nf6+ Bxf6 20. exf6
Ng6 21. h4 Nf4 22. Bxf4 Qxf4 23. hxg5 Qxg4 24. Qe3 Kd7 25. b4 hxg5 26. a4
cxb4 27. cxb4 Qxb4 28. Nxg5 Rg8 29. Rac1 Qg4 30. f4 Rg6 31. Rxc6 Kxc6 32.
Qe5 Kd7 33. Rc1 Rc8 34. Rxc8 Bxc8 35. Qb8 Qd1+ 36. Kh2 Qc2 37. Qe5 Qxd3 38.
Bh3 Qc2+ 39. Kg3 Qe4 40. Qb8 Qe3+ 41. Kh2 Rxf6 0-1